[Event "Central-SRB chT 2018"]
[Site "Kragujevac"]
[Date "2018.09.15"]
[Round "2"]
[White "Rajkovic, Dusan"]
[Black "Ostojic, Nikola"]
[Result "1/2-1/2"]
[WhiteElo "2322"]
[BlackElo "2441"]
[Annotator "TA"]
[PlyCount "30"]
[EventDate "2018.09.14"]
[EventType "team-tourn"]
[EventCountry "SRB"]
[SourceTitle "playchess.com"]
[Source "ChessBase"]
[SourceQuality "1"]

{[%evp 21,30,-32,17,22,42,48,61,58,60,52,65]} 1. d4 d6 2. c4 e5 3. Nf3 Nd7 4. Nc3 Ngf6 5. e4 g6 6. Be2 Bg7 7. O-O O-O 8. Re1 c6 9. Bf1 exd4 10. Nxd4 Re8 11. Nb3 Qc7 {LiveBook: 4 Games. E95: King's Indian: Classical: 7...Nbd7 8 Re1} (11... Qe7 12. Be3 a5 13. Bd4 a4 14. Nd2 a3 15. b4 Nf8 16. Rc1 Ne6 17. Be3 h5 18. h3 g5 19. Nb3 {½-½ (107) Saric,A (2586)-Pancevski,F (2496) Struga 2016}) 12. h3 b6 $146 ({Predecessor:} 12... a5 13. a4 Ne5 14. f4 Ned7 15. Kh2 b6 16. Bd2 Bb7 17. Qf3 Re7 18. Bd3 Rae8 19. Rad1 {½-½ (49) Bosman,M (2317)-Bosch,J (2377) Netherlands 2015}) 13. Bf4 {White is slightly better.} Bf8 14. Qd2 a6 15. Rac1 Bb7 1/2-1/2

[Event "Central-SRB chT 2018"]
[Site "Kragujevac"]
[Date "2018.09.15"]
[Round "2"]
[White "Ilic, Zoran S"]
[Black "Nestorovic, Lazar"]
[Result "1-0"]
[WhiteElo "2307"]
[BlackElo "2353"]
[Annotator "NA"]
[PlyCount "73"]
[EventDate "2018.09.14"]
[EventType "team-tourn"]
[EventCountry "SRB"]
[SourceTitle "playchess.com"]
[Source "ChessBase"]
[SourceQuality "1"]
[TimeControl "40/5400+30:1800+30"]

1. e4 {[%emt 0:00:00]} c5 {[%emt 0:00:00]} 2. Nf3 {[%emt 0:00:00]} e6 {[%emt 0:00:00]} 3. d4 {[%emt 0:00:53]} cxd4 {[%emt 0:00:00]} 4. Nxd4 {[%emt 0:00:04]} Nc6 {[%emt 0:00:14]} 5. Nc3 {[%emt 0:00:18]} Qc7 {[%emt 0:00:49]} 6. Be3 {[%emt 0:01:02]} a6 {[%emt 0:00:42] LiveBook: 6810 Games} 7. a3 {[%emt 0:04:11]} b5 {[%emt 0:02:02]} 8. Qd2 {[%emt 0:01:17] B48: Sicilian: Taimanov: 5 Nc3 Qc7 6 Be3 a6 without Be2} (8. Nxc6 Qxc6 9. Bd3 Bb7 10. O-O Nf6 11. Re1 Rc8 12. Qf3 Bd6 13. Bd4 Qc7 14. Bxf6 gxf6 15. Qh5 Be5 16. Nd1 Ke7 17. c3 Rcg8 18. Ne3 Rg5 19. Qh3 {0-1 (47) Carlsen,M (2837)-Ding,L (2774) Saint Louis 2017}) 8... Bb7 {[%emt 0:07:38]} 9. f3 {[%emt 0:00:23]} Nf6 {[%emt 0:02:05]} 10. g4 {[%emt 0:03:15]} h6 {[%emt 0:04:57]} 11. O-O-O $146 {[%emt 0:05:53]} ({Predecessor:} 11. Nxc6 Bxc6 12. Bf4 e5 13. Be3 b4 14. axb4 Bxb4 {0-1 (24) Sanchis Hernandez,S (1768)-Castella Garcia,F (2325) Xativa 2016}) 11... Ne5 {[%emt 0:02:15]} 12. Kb1 {[%emt 0:04:59]} Rc8 {[%emt 0:03:43]} 13. Bf4 {[%emt 0:02:24]} Be7 {[%emt 0:11:23]} 14. h4 {[%emt 0:03:36]} d6 {[%emt 0:25:50]} 15. Rg1 {[%emt 0:06:16]} Nfd7 {[%emt 0:05:30]} 16. g5 {[%emt 0:01:04]} hxg5 {[%emt 0:01:04]} 17. Bxg5 {[%emt 0:02:36]} Nf6 {[%emt 0:02:24]} 18. f4 {[%emt 0:03:04]} Ned7 {[%emt 0:04:34]} 19. Bd3 {[%emt 0:12:05]} Qb6 {[%emt 0:07:19]} 20. Nb3 {[%emt 0:04:05]} Bc6 {[%emt 0:03:56]} 21. Qe2 {[%emt 0:04:11]} e5 {[%emt 0:01:13] [#]} (21... Bb7 $14) 22. Nd5 $1 {[%emt 0:02:27]} Bxd5 {[%emt 0:05:08]} 23. exd5 {[%emt 0:00:19]} Kf8 {[%emt 0:02:22]} 24. Bf5 {[%emt 0:02:16]} Re8 {[%emt 0:02:03]} 25. Qg2 {[%emt 0:06:22]} ({Inferior is} 25. Bxf6 Nxf6 26. fxe5 dxe5 $11) 25... g6 {[%emt 0:00:57]} 26. Bxd7 {[%emt 0:18:41]} Nxd7 {[%emt 0:00:09]} 27. f5 {[%emt 0:00:06]} Bxg5 {[%emt 0:02:50]} 28. fxg6 {[%emt 0:00:34]} Bf6 {[%emt 0:01:11]} 29. g7+ {[%emt 0:00:23]} Bxg7 {[%emt 0:00:07]} 30. Qxg7+ {[%emt 0:00:11]} Ke7 {[%emt 0:00:03]} 31. Qg5+ {[%emt 0:02:21]} f6 {[%emt 0:00:45]} 32. Qf5 {[%emt 0:00:15]} Kd8 {[%emt 0:01:17]} 33. h5 {[%emt 0:03:57]} Re7 {[%emt 0:00:47]} 34. Rg3 {[%emt 0:00:45]} Rh6 {[%emt 0:01:02]} 35. Rc3 {[%emt 0:01:28]} Nc5 {[%emt 0:00:31]} 36. Rg1 {[%emt 0:01:24]} Qc7 {[%emt 0:00:36]} 37. Nxc5 {[%emt 0:00:52]} 1-0

[Event "Central-SRB chT 2018"]
[Site "Kragujevac"]
[Date "2018.09.15"]
[Round "2"]
[White "Rajkovic, Mladen"]
[Black "Roljevic, Djordje"]
[Result "1/2-1/2"]
[WhiteElo "2304"]
[BlackElo "2146"]
[Annotator "TA"]
[PlyCount "126"]
[EventDate "2018.09.14"]
[EventType "team-tourn"]
[EventCountry "SRB"]
[SourceTitle "playchess.com"]
[Source "ChessBase"]
[SourceQuality "1"]

{[%evp 23,126,-45,-22,-46,-62,-85,-78,-108,-60,-95,-33,-24,-31,-29,-21,-33,-27,-91,-96,-97,-81,-120,-110,-227,-225,-212,-151,-151,-151,-151,-151,-151,-151,-151,-151,-151,-151,-151,-151,-183,-183,-181,-179,-186,-188,-184,-151,-183,-151,-195,-192,-192,-192,-192,-192,-208,-182,-184,-183,-181,-181,-201,-201,-201,-201,-201,-181,-201,-201,-201,-201,-201,-201,-201,-201,-213,-220,-220,-201,-201,0,-220,-181,-201,-173,-193,-181,-181,-175,-177,-174,-169,0,0,0,0,0,0,0,0,0,0,0,0,0]} 1. e4 e5 2. Nf3 Nc6 3. Bb5 a6 4. Ba4 Nf6 5. O-O b5 6. Bb3 Bb7 7. Re1 Bc5 8. c3 d6 9. d4 Bb6 10. a4 O-O 11. Na3 {C78: Spanische Partie (Archangelsk- und Möller-Variante)} (11. Bg5 h6 12. Bh4 Re8 13. d5 Na5 14. Ba2 g5 15. Bg3 c6 16. axb5 axb5 17. Na3 Nc4 18. Nxc4 bxc4 19. Nd2 cxd5 20. exd5 Bxd5 21. Bxc4 Rxa1 22. Qxa1 {½-½ (46) Areshchenko,A (2686)-Sunilduth Lyna,N (2551) Dubai 2017}) 11... h6 12. d5 Ne7 $1 {LiveBook: 6 Partien} 13. Qd3 Nd7 $146 ({Vorgänger:} 13... Ng4 14. Re2 f5 15. exf5 Rxf5 16. Nc2 Rf7 17. Nb4 Nf6 18. Nc6 Qe8 19. Nxe7+ Rxe7 {0-1 (71) Tseshkovsky,V-Kozlov Omsk 1973}) 14. axb5 Nc5 15. Qd1 axb5 16. Be3 Nxb3 (16... f5 $17 17. Nxe5 dxe5 18. d6+ Kh8 19. dxe7 Qxe7 20. exf5 Rad8) 17. Qxb3 $15 Bxe3 18. Rxe3 f5 $36 {[%mdl 2048] Schwarz hat gut koordiniertes Spiel.} 19. Nxe5 $1 Kh8 20. Nd3 (20. Nc6 $1 $11 Nxc6 21. dxc6 Bxc6 22. c4) 20... fxe4 $17 21. Nb4 Rf5 {[%cal Re7d5]} 22. Rd1 Qg8 23. Nxb5 (23. Rxe4 $17 Nxd5 24. f3) 23... Nxd5 $19 24. Rxe4 Nf6 25. Qxg8+ Rxg8 26. Nxd6 Bxe4 27. Nxf5 Bxf5 28. Na6 Re8 29. Nxc7 Re2 30. b4 Rc2 31. Nb5 Bd7 32. Nd6 Rxc3 33. f3 Rb3 34. Rd4 Rb2 35. h4 Kh7 36. Nf7 Be6 37. Ne5 Nd5 38. Nd3 Rd2 39. b5 Rd1+ 40. Kf2 Rb1 41. g4 Rxb5 42. h5 Kg8 43. Ne5 Kf8 44. Ra4 Ke7 45. Kg3 Kf6 46. Nd3 Nb6 47. Rf4+ {[#]} Ke7 $1 48. Re4 Nd5 49. Ne5 {beabsichtigt Sc6+.} Kf6 50. Nc6 Bd7 51. Ne5 Be6 52. Nc6 $1 {Schwarz sollte Txe6+! verhindern.} Bf7 53. Ne5 {[#] Weiss droht Sd7+ und Matt.} Rb7 54. Nc6 Rc7 55. Nd8 Re7 56. Rd4 Bg8 {Droht ...Tc7 und aus.} 57. Ra4 Rd7 $2 (57... Re3 $19 {Droht stark ...Sc3.} 58. Ra6+ Ke7 59. Nc6+ Kf7) 58. Ra6+ $11 {Die Stellung ist ausgeglichen.} Ke7 (58... Ke5 $5 59. Nc6+ $8 Ke6 60. Nd8+ Ke7 61. Nc6+ Ke6 62. Nd8+ Ke7 63. Nc6+ Ke6 $11) 59. Nc6+ Ke6 {...Sc7 ist eine echte Drohung.} 60. Nd8+ $1 Ke7 (60... Ke5 $5 61. Nc6+ $8 Ke6 62. Nd8+ Ke7 63. Nc6+ Ke6 $11) 61. Nc6+ Ke6 {Und ...Sc7 würde nun gewinnen.} 62. Nd8+ $1 Ke7 (62... Ke5 $5 63. Nc6+ $8 Ke6 $11) 63. Nc6+ Ke6 {Precision: Weiß = 51%, Schwarz = 63%.} 1/2-1/2

[Event "Central-SRB chT 2018"]
[Site "Kragujevac"]
[Date "2018.09.15"]
[Round "2"]
[White "Gajic, Mladen"]
[Black "Perunovic, Miodrag"]
[Result "1-0"]
[WhiteElo "2291"]
[BlackElo "2433"]
[Annotator "TA"]
[PlyCount "83"]
[EventDate "2018.09.14"]
[EventType "team-tourn"]
[EventCountry "SRB"]
[SourceTitle "playchess.com"]
[Source "ChessBase"]
[SourceQuality "1"]

{[%evp 14,83,12,2,19,-4,22,8,13,0,39,33,26,10,58,42,58,12,45,48,48,35,52,26,47,26,67,20,29,24,14,23,28,34,22,20,26,31,17,43,114,115,165,126,222,-4,50,57,63,66,196,188,445,403,397,397,572,557,736,719,1111,1096,29978,29979,29977,6033,3285,2766,29982,29983,29983,29984]} 1. d4 Nf6 2. Nf3 e6 3. c3 b6 4. Nbd2 Bb7 5. e3 c5 6. Bd3 cxd4 7. cxd4 {A47: Damenindisch (ohne c2-c4)} (7. exd4 Be7 8. O-O O-O 9. a4 a6 10. Qe2 d6 11. Ng5 h6 12. Nge4 Nbd7 13. Nxf6+ Nxf6 14. Nc4 Re8 15. Bd2 Bf8 16. Rfd1 Nd5 {½-½ (38) Morovic Fernandez,I (2535)-Borges Feria,Y (2418) Matanzas 2017}) 7... Be7 8. O-O {LiveBook: 7 Partien} O-O 9. a3 $146 {Die Stellung ist ausgeglichen.} ({Vorgänger:} 9. e4 Ba6 10. Bxa6 Nxa6 11. e5 Nd5 12. Ne4 f5 13. exf6 Nxf6 14. Nxf6+ Bxf6 15. d5 Nc5 16. a4 Rc8 17. Ra3 {½-½ (25) Kuba,S (2224)-Jurek,J (2324) Klatovy 2011}) 9... d6 10. b4 Nbd7 {[%cal Bb8d7,Bd7f8,Bf8g6,Bg6e7,Be7c6][%mdl 32]} 11. Bb2 Re8 12. Qe2 a6 13. e4 Nf8 14. Ne1 {[%cal Bf3e1,Be1g2,Bg2e3][%mdl 32]} Ng6 15. f4 Bf8 16. g3 b5 17. Ng2 Qb6 18. Ne3 Ne7 19. h3 Nc6 20. Nb3 a5 21. e5 Nd5 22. Nxd5 exd5 23. bxa5 Nxa5 24. Nxa5 Rxa5 25. Bc3 $40 {[%mdl 128] Weiss hat einigen Angriff.} Raa8 26. Bxb5 Re6 (26... Rec8 $14 27. Bb2 Ba6 28. Bxa6 Qxa6 29. Qxa6 Rxa6) 27. a4 $16 Rh6 28. Kh2 Qd8 (28... dxe5 $16 29. fxe5 Be7) 29. a5 $2 ({Lieber} 29. f5 $18) 29... Qc8 $1 {[%csl LRc3,LRh3]} (29... dxe5 $1 $11 30. f5 exd4 31. Bxd4 Rxa5) 30. e6 $1 $14 Qxc3 31. exf7+ Kxf7 {[#]} (31... Kh8 $1 $14) 32. Rfc1 $1 $18 {[%cal Rc1c3]} Qxd4 $2 (32... Qb3) 33. Rc7+ Kg8 {[#]} 34. Ra4 $1 {[%cal Ra4d4]} Qf6 ({Nicht} 34... Qa7 $2 35. a6 $18) (34... Qc5 {war nötig.} 35. Rxc5 dxc5) 35. Rxb7 Rc8 {Jetzt ...Df5 und Schwarz darf weiter klammern.} 36. a6 Qf5 37. Bd7 Rxh3+ 38. Kg2 {[%cal Bh2g2,Bg2g3,Bg3f2][%mdl 32]} Rxg3+ 39. Kxg3 Qg6+ 40. Bg4 {Beabsichtigt De6+ und Matt.} Rc3+ 41. Kf2 Rc2 42. a7 {Precision: Weiß = 50%, Schwarz = 26%.} 1-0

[Event "Central-SRB chT 2018"]
[Site "Kragujevac"]
[Date "2018.09.15"]
[Round "2"]
[White "Gavrilovic, Leonardo"]
[Black "Mijailovic, Zoran"]
[Result "0-1"]
[WhiteElo "2243"]
[BlackElo "2400"]
[Annotator "TA"]
[PlyCount "150"]
[EventDate "2018.09.14"]
[EventType "team-tourn"]
[EventCountry "SRB"]
[SourceTitle "playchess.com"]
[Source "ChessBase"]
[SourceQuality "1"]

{[%evp 22,150,-6,-5,-13,-6,8,-7,0,-7,0,-16,0,-64,-60,-60,-58,-52,-53,-46,-37,-77,-35,-46,-4,-58,-10,-41,-35,-46,-38,-32,-42,-37,-35,-29,-20,-29,-24,-24,-24,-28,-24,-50,-43,-69,-69,-73,-73,-89,-86,-94,-94,-94,0,-73,-69,-80,-86,-94,0,-69,0,-76,-69,-81,-69,-78,-70,-70,-69,-86,-69,-69,-69,-73,-69,-77,-73,-93,-93,-93,-69,-93,-69,-94,-98,-99,-99,-100,-97,-98,-69,-69,-69,-69,-69,-69,-69,-69,-69,-70,-70,-75,-75,-77,-76,-222,-222,-222,-214,-381,-362,-375,-373,-352,-187,-530,-495,-570,-570,-551,-544,-1567,-1402,-5517,-4709,-29938,-6406,-6402,-6357]} 1. Nf3 Nf6 2. c4 e6 3. Nc3 b6 4. g3 Bb7 5. Bg2 Bb4 6. Qc2 O-O 7. O-O c5 8. a3 {A17: English Opening: 1...Nf6 with ...Bb4} Bxc3 9. Qxc3 d5 10. d4 (10. cxd5 Nxd5 11. Qc2 Nc6 12. b3 e5 13. Bb2 Re8 14. e3 Nf6 15. d3 Qd7 16. Rfd1 Rad8 17. Rac1 h6 18. h3 Ba8 19. Bc3 {½-½ (43) Wojtaszek,R (2749)-Ponomariov,R (2709) Tallinn 2016}) 10... cxd4 11. Qxd4 Nc6 12. Qh4 {LiveBook: 5 Games} dxc4 13. Qxc4 {[#]} Rc8 $146 ({Predecessor:} 13... Na5 14. Qa4 Bc6 15. Qb4 Nd5 {1-0 (54) Maksimenko,A (2477)-Gajewski,G (2610) Poland 2016}) 14. Qa4 Na5 15. Bg5 h6 16. Rad1 Qe7 17. Qb4 (17. Bd2 $11) 17... Qxb4 $15 18. axb4 {[#] Strongly threatening Bxf6.} hxg5 19. bxa5 Bxf3 20. Bxf3 bxa5 21. Rd4 Rc2 22. h3 Rxb2 23. Ra1 (23. Ra4 $11) 23... Rb4 (23... e5 $5 {[%cal Re5d4]} 24. Rc4 Re8 $17) 24. Rd2 a4 25. Rda2 $1 Rc8 {aiming for ...Rcc4.} 26. Rxa4 Rxa4 27. Rxa4 {[%mdl 4096] Endgame KRB-KRN} Rc7 28. Ra5 Nh7 29. e4 g6 30. Kg2 Kg7 31. Bd1 Nf6 32. Bf3 Kh6 33. Kg1 Nd7 34. Kg2 Nc5 35. e5 Kg7 36. Be2 Nb3 37. Ra3 Nc5 38. Ra5 Kf8 39. Kf3 Nb3 40. Ra4 Nc5 41. Ra5 Kg7 ({Black should play} 41... Nd7 $15) 42. Kg4 (42. Kg2 $1 $11) 42... Kh6 43. Kf3 Nd7 44. Kg2 Kg7 45. Kf3 Nb6 46. Kg4 Kh6 47. Kf3 Nd5 48. Kg2 Ne7 49. Bf3 Nf5 50. Ra4 Kg7 51. Be4 Ne7 52. Kf3 Nc8 53. Bd3 Rc5 54. Ke4 a5 55. Rc4 Rxc4+ 56. Bxc4 $17 {KB-KN} Na7 57. Bb3 $1 Nc6 58. Ba4 Nb4 59. Kd4 Kf8 60. Kc4 Ke7 61. Kd4 Kd8 62. Kc4 Nd5 63. Bc6 Nb6+ 64. Kb3 (64. Kc5 $17 {was worth a try.} a4 65. Kb4) 64... Nd7 $19 65. Bb5 Nc5+ 66. Kc4 $2 {[#]} (66. Ka3) 66... Ne4 67. f4 gxf4 68. gxf4 Nf2 (68... Ng3 $142 69. Kd4 Nf5+ 70. Kc5 Ne3) 69. h4 $2 (69. Kd4) 69... Nh3 70. Bc6 Nxf4 71. Bf3 Ke7 72. Bd1 Ng2 73. Kb5 Nxh4 74. Kxa5 g5 75. Kb4 Ng6 {Precision: White = 36%, Black = 71%.} 0-1

[Event "Central-SRB chT 2018"]
[Site "Kragujevac"]
[Date "2018.09.15"]
[Round "3"]
[White "Parligras, Mircea-Emilian"]
[Black "Soysal, Serkan"]
[Result "1/2-1/2"]
[WhiteElo "2623"]
[BlackElo "2404"]
[Annotator "TA"]
[PlyCount "71"]
[EventDate "2018.09.14"]
[EventType "team-tourn"]
[EventCountry "SRB"]
[SourceTitle "playchess.com"]
[Source "ChessBase"]
[SourceQuality "1"]

{[%evp 21,71,-27,-37,-47,-32,-52,-44,-45,-44,-31,-45,-43,-46,-69,-69,-72,-58,-97,-96,-109,-67,-70,-72,-75,-10,-11,-11,-7,3,7,17,0,0,0,0,0,0,0,0,0,0,0,0,-23,-23,-27,-23,-39,-39,-39,-31,-31]} 1. d4 d5 2. c4 c6 3. Nf3 Nf6 4. Nc3 dxc4 5. a4 Bf5 6. Ne5 Nbd7 7. Nxc4 Nb6 8. Ne3 {D17: Slav Defence: 5 a4 Bf5: Lines with 6 Nh4 and 6 Ne5} (8. Ne5 a5 9. e3 Nbd7 10. Bd3 Bxd3 11. Nxd3 g6 12. Qb3 Qb6 13. Qxb6 Nxb6 14. Ke2 Bg7 15. Nc5 Ra7 16. e4 O-O {½-½ (49) Vidit,S (2707)-Bu,X (2725) Liaocheng 2018}) 8... Bg6 9. g3 a5 10. Bg2 e6 11. O-O Bb4 {LiveBook: 3 Games} 12. Nc2 O-O $146 ({Predecessor:} 12... Bxc2 13. Qxc2 Qxd4 14. Be3 Qd8 15. Rfd1 Nbd7 {0-1 (51) Bellon Lopez,J (2440)-Blomqvist,E (2418) Stockholm 2009}) 13. e3 {[#]} e5 $1 {[%mdl 512]} 14. Nxb4 (14. dxe5 Qxd1) 14... axb4 15. Ne2 exd4 16. exd4 Re8 17. Nf4 Be4 18. Bh3 Qd6 19. Be3 Nfd5 20. Qb3 Nxf4 21. Bxf4 Qxd4 22. Rfd1 Qc4 (22... Qc5 $17 23. Bd6 Qh5) 23. Qxc4 $11 Nxc4 24. Rd4 $1 {[%cal Rd4c4]} Bd5 $132 {[%mdl 2048] Black is not keeping still} 25. Bf1 b5 26. b3 Na5 27. axb5 {[#] Threatens to win with b6.} Nxb3 28. Rxa8 Rxa8 29. Rd1 $1 Na5 30. Bd2 Bf3 31. Ra1 cxb5 $1 ({Much weaker is} 31... c5 32. Bg2 $16) 32. Bxb4 Nc4 33. Rxa8+ Bxa8 34. Bxc4 bxc4 35. Kf1 g5 36. Ke2 {Precision: White = 57%, Black = 61%.} 1/2-1/2

[Event "Central-SRB chT 2018"]
[Site "Kragujevac"]
[Date "2018.09.15"]
[Round "3"]
[White "Damljanovic, Branko"]
[Black "Stankovic, Milos"]
[Result "1-0"]
[WhiteElo "2470"]
[BlackElo "2443"]
[Annotator "TA"]
[PlyCount "69"]
[EventDate "2018.09.14"]
[EventType "team-tourn"]
[EventCountry "SRB"]
[SourceTitle "playchess.com"]
[Source "ChessBase"]
[SourceQuality "1"]

{[%evp 14,69,0,-26,-43,-46,-34,-95,-60,-101,-92,-113,-47,-59,-42,-54,-10,-20,-41,-43,-39,-48,-62,-47,0,0,0,0,0,0,249,255,258,243,366,366,523,495,527,461,706,448,440,408,589,589,1637,1635,1406,1364,1765,1616,2711,1348,1346,1320,892,747]} 1. Nf3 Nf6 2. c4 g6 3. Nc3 d5 4. cxd5 Nxd5 5. h4 Bg7 (5... Nxc3 6. dxc3 Qxd1+ 7. Kxd1 h5 8. Bf4 f6 9. Bxc7 Na6 10. Bg3 Bf5 11. Nd4 O-O-O 12. Kc1 Nc5 13. Nxf5 gxf5 {1-0 (39) Korobov,A (2678)-Sutovsky,E (2647) Poikovsky 2018}) 6. h5 {A16: Englische Eröffnung} Nc6 7. h6 Bf6 8. Ne4 {LiveBook: 12 Partien. Die Stellung ist ausgeglichen.} e5 9. d3 $146 ({Vorgänger:} 9. Qa4 O-O 10. Nxf6+ Qxf6 11. g3 e4 12. Nh4 Nd4 13. e3 {1-0 (26) Yermolinsky,A (2516)-Bora,S (2328) Saint Louis 2014}) 9... Be7 10. e3 (10. g3 $15) 10... Be6 11. Be2 f5 12. Nc3 Bf6 (12... Qd7 $17 13. e4 Nf6) 13. O-O $15 O-O 14. e4 Nf4 15. Bxf4 exf4 16. exf5 Bxf5 (16... gxf5 17. Qd2 $11) 17. Qb3+ Kh8 18. Qxb7 Qd7 19. Ne4 $36 {[%mdl 2048] Weiss hat gut koordiniertes Spiel.} Rab8 20. Nxf6 Rxf6 (20... Rxb7 $6 21. Nxd7 Bxd7 22. b3 $16) 21. Qa6 Rxb2 $2 {[#]} (21... Rbf8 $1 $11 {und Schwarz ist OK.} 22. Qc4 g5) 22. Rfe1 $1 $18 Qd6 23. Rac1 Rb6 (23... Nd4 $142 24. Qxd6 Rxd6) 24. Qc4 Be6 (24... g5 {war einen Versuch wert.} 25. Nxg5 Bg6) 25. Qc3 Bd5 26. Ng5 Qe5 (26... Ne5 $142 27. Qxc7 Qxc7 28. Rxc7 Bg8) 27. Qxe5 Nxe5 28. Rxc7 Bg8 (28... Rf5 $142 29. d4 (29. Nxh7 Rb7 $16) 29... Rb8 30. Rxh7+ (30. dxe5 Rxg5 31. Bf1 Bxg2 $16) 30... Kg8 31. Rg7+ (31. dxe5 Rxg5 32. Rg7+ Kh8 $18) 31... Kh8) 29. d4 {[%cal Bd3d4,Bd4d5][%mdl 32] Weiß steht klar auf Gewinn.} Nf7 30. Nxf7+ Rxf7 31. Rc8 {[#] Beabsichtigt Lc4 und Matt.} Re7 32. Kf1 {jetzt Lc4 und aus.} Rbe6 33. d5 Re8 34. dxe6 Rxc8 35. Bb5 {Precision: Weiß = 66%, Schwarz = 29%.} 1-0

[Event "Central-SRB chT 2018"]
[Site "Kragujevac"]
[Date "2018.09.15"]
[Round "3"]
[White "Csonka, Balazs"]
[Black "Rakhmanov, Aleksandr"]
[Result "0-1"]
[WhiteElo "2450"]
[BlackElo "2647"]
[Annotator "TA"]
[PlyCount "168"]
[EventDate "2018.09.14"]
[EventType "team-tourn"]
[EventCountry "SRB"]
[SourceTitle "playchess.com"]
[Source "ChessBase"]
[SourceQuality "1"]

{[%evp 22,168,45,33,38,38,47,34,43,20,41,46,54,29,32,12,11,0,0,0,0,0,0,0,0,0,0,-24,0,0,0,0,0,0,0,0,0,0,0,0,0,0,0,0,0,0,0,0,0,0,0,0,0,0,0,0,0,0,0,0,0,-9,-9,-11,0,0,0,0,0,0,0,0,0,0,0,0,0,-52,-52,-52,-52,-51,-50,-51,-52,-50,-50,-51,-50,-51,-45,-50,-49,-43,-43,-43,-39,-73,-75,-71,-77,-68,-61,-64,-13,-61,-61,-239,-231,-230,-232,-239,-239,-225,-175,-170,-117,-117,-117,-131,-121,-158,-158,-150,-131,-169,-164,-153,-164,-170,-138,-158,-158,-168,-150,-174,-176,-214,-209,-265,-264,-238,-252,-607,-607,-572,-514,-2533,-2012]} 1. e4 e6 2. d4 d5 3. Nd2 dxe4 4. Nxe4 Bd7 5. Nf3 Bc6 6. Bd3 Nd7 7. c3 Be7 8. O-O Ngf6 9. Nxf6+ Bxf6 10. Qe2 O-O 11. Bf4 Bxf3 12. Qxf3 c6 {C10: French with 3 Nc3: Unusual Black 3rd moves and 3...dxe4} 13. Rad1 a5 14. Rfe1 g6 $146 {White is slightly better.} ({Predecessor:} 14... Re8 15. Bc2 Nf8 16. Be5 Qd5 17. Be4 Qd8 18. Bb1 a4 19. g3 Ra5 20. Bxf6 Qxf6 {1-0 (83) Danchevski,O (2345)-Drazic,S (2445) Star Dojran 1996}) 15. g3 Bg7 16. h4 Nf6 17. Bg5 h6 18. Bxf6 (18. Be3 {is more complex.} Qd5 19. Qe2 a4 20. Bf4 Qd7 21. Qd2) 18... Qxf6 19. Qxf6 (19. Qh1 {keeps more tension.} h5 20. g4 hxg4 21. h5 gxh5 22. Qxh5 Rfd8 23. Qxg4 Kf8 24. Re3) 19... Bxf6 20. Kg2 Rfd8 21. Be4 Rd6 22. a4 Rad8 23. Bf3 h5 24. Rb1 R6d7 25. Ra1 Kf8 26. Kf1 Ke7 27. Red1 Kd6 28. Ke2 Kc7 29. Kf1 Bg7 30. Ke2 Bf8 31. Kf1 Bh6 32. Be2 Bf8 33. Bf3 Kc8 34. Be2 Bd6 35. Bc4 Bc7 36. Be2 Rd6 37. Bf3 R8d7 38. Be2 Kd8 39. Ke1 Ke7 40. Kf1 Rd8 41. Ke1 Rb8 42. Kf1 Kf6 43. Ra3 Bd8 44. Raa1 Bb6 45. Bf3 Rbd8 46. Be2 Ke7 47. Rab1 R6d7 48. Bf3 Kf8 49. Ke2 {[#]} (49. Kg2 $11) 49... e5 $1 $15 {[%cal Re5d4][%mdl 512]} 50. b4 {Threatening b5.} (50. dxe5 Rxd1) 50... exd4 51. cxd4 axb4 52. Rxb4 Bxd4 53. a5 Bc3 54. Rxd7 Rxd7 {[%mdl 4096] Endgame KRB-KRB} 55. Ra4 $1 Rd2+ 56. Kf1 Bd4 57. Be2 c5 58. f4 $1 Rb2 59. a6 bxa6 60. Rxa6 Rb1+ 61. Kg2 Rg1+ 62. Kf3 Bc3 (62... Rc1 $15) 63. Kf2 Rc1 {White must now prevent ...Be1+.} 64. Rc6 $2 ({White should play} 64. Kg2 $15) 64... Be1+ $19 65. Kg2 Rc2 66. Kf1 Bxg3 67. f5 gxf5 {Threatens to win with ...f4.} ({And not} 67... Bxh4 68. fxg6 Rc1+ 69. Kg2 $11) 68. Rf6 {[#]} Bxh4 (68... f4 $1 $19 {Strongly threatening ...Ke7.} 69. Bxh5 Rf2+ 70. Ke1 Ke7 71. Rxf7+ Ke6) 69. Rxf5 $17 f6 70. Rxh5 Bg3 71. Rh8+ Ke7 72. Rc8 Be5 73. Ke1 Bc3+ 74. Kf1 Bd4 75. Ke1 Kd7 76. Bg4+ Kd6 77. Kd1 Rf2 78. Be2 f5 {[%cal Bf6f5,Bf5f4][%mdl 32]} 79. Re8 {[#]} f4 $1 80. Rf8 Be3 81. Rd8+ Ke5 82. Re8+ $2 (82. Ke1) 82... Kd4 $19 {Black is clearly winning.} 83. Rd8+ Kc3 84. Rd3+ (84. Re8 $142 Rh2 85. Ba6) 84... Kb4 {Precision: White = 58%, Black = 82%.} 0-1

[Event "Central-SRB chT 2018"]
[Site "Kragujevac"]
[Date "2018.09.15"]
[Round "3"]
[White "Ostojic, Nikola"]
[Black "Nestorovic, Dejan"]
[Result "1/2-1/2"]
[WhiteElo "2441"]
[BlackElo "2340"]
[Annotator "TA"]
[PlyCount "29"]
[EventDate "2018.09.14"]
[EventType "team-tourn"]
[EventCountry "SRB"]
[SourceTitle "playchess.com"]
[Source "ChessBase"]
[SourceQuality "1"]

{[%evp 25,29,-28,-10,-17,0,0]} 1. Nf3 Nf6 2. g3 d5 3. Bg2 c6 4. d3 Bg4 5. h3 Bh5 6. Nbd2 Nbd7 7. O-O e5 8. e4 dxe4 9. dxe4 Bc5 10. Qe1 O-O 11. Nc4 Re8 {A07: Réti Opening: New York and Capablanca Systems} 12. b4 Bf8 13. Bb2 Qc7 {LiveBook: 7 Games} 14. a4 Bg6 $146 ({Predecessor:} 14... b5 15. Na5 c5 16. axb5 cxb4 17. Nc6 a6 18. Nfxe5 Nxe5 19. Bxe5 Rxe5 20. Nxe5 Qxe5 21. bxa6 {1-0 (50) Amin,B (2680)-Kumar,G (2210) Abu Dhabi 2017}) 15. Nh4 1/2-1/2